Bleachers Discography - Statistics

General Stats
  • This quiz has been taken 16 times
  • The average score is 14 of 23
Answer Stats
Hint Answer % Correct
Gone Now Don't Take The Money
93%
Strange Desire Rollercoaster
93%
Gone Now Dream Of Mickey Mantle
80%
Gone Now Goodmorning
80%
Strange Desire I Wanna Get Better
80%
Gone Now Goodbye
73%
Gone Now Let's Get Married
73%
Strange Desire Shadow
73%
Gone Now Hate That You Know Me
67%
Gone Now I Miss Those Days
67%
Strange Desire Wild Heart
67%
Gone Now Everybody Lost Somebody
60%
Strange Desire Like a River Runs
60%
Strange Desire Wake Me
60%
Gone Now Foreign Girls
53%
Strange Desire I'm Ready to Move On
47%
Gone Now I'm Ready To Move On
47%
Gone Now Nothing Is U
47%
Gone Now All My Heroes
40%
Strange Desire Reckless Love
40%
Strange Desire You're Still a Mystery
40%
Strange Desire Who I Want You to Love
33%
Strange Desire Take Me Away
27%
No matching quizzes found
Score Distribution
Percent of People with Each Score
Percentile by Number Answered
Your Score History
You have not taken this quiz